000 00335nam a2200169Ia 4500
100 _aWilson/Ray
650 _aAnalog
942 _cBK
366 _f20
654 _aanolog
245 _aMake:Analog synthesizers
260 _bOreilly
_c2013
082 _a621.3815
_bWIL
300 _a167
546 _aENGLISH
_cTTL
999 _c20774
_d20774